[Event "San Francisco TNM Spring op"]
[Site "San Francisco"]
[Date "2009.04.28"]
[Round "7"]
[White "Rudzevich, Brian"]
[Black "Mar, Henry"]
[Result "0-1"]
[WhiteElo "976"]
[BlackElo "1500"]
[PlyCount "66"]
[EventDate "2009.03.16"]
[EventType "swiss"]
[EventRounds "8"]
[EventCountry "USA"]
[SourceTitle "EXT 2012"]
[Source "ChessBase"]
[SourceDate "2011.11.24"]
[SourceVersion "1"]
[SourceVersionDate "2011.11.24"]
[SourceQuality "1"]

1. d4 Nf6 2. f3 e6 3. Bg5 d5 4. c3 Nbd7 5. Qa4 c6 6. e3 b5 7. Bxb5 cxb5 8. Qxb5 Rb8 9. Qe2 Qb6 10. b4 Ba6 11. Qc2 Rc8 12. a4 Bxb4 13. Ne2 Bxe2 14. Kxe2 Qa6+ 15. Kf2 0-0 16. Qb3 Ba5 17. Qb5 Qxb5 18. axb5 Bb6 19. h4 h6 20. Bxf6 Nxf6 21. h5 Nh7 22. f4 Nf6 23. Ra3 Ne4+ 24. Kf3 f5 25. Rg1 Rc4 26. g4 fxg4+ 27. Rxg4 Ng5+ 28. Kg2 Ne4 29. Kh3 Rfc8 30. Rg6 Kf7 31. Ra2 Nxc3 32. Rag2 Rg8 33. Rc2 Nxb1 0-1

[Event "San Francisco TNM Spring op"]
[Site "San Francisco"]
[Date "2009.04.14"]
[Round "5"]
[White "Rudzevich, Brian"]
[Black "Oca Homer, Nicolas"]
[Result "0-1"]
[WhiteElo "976"]
[BlackElo "1753"]
[PlyCount "58"]
[EventDate "2009.03.16"]
[EventType "swiss"]
[EventRounds "8"]
[EventCountry "USA"]
[SourceTitle "EXT 2012"]
[Source "ChessBase"]
[SourceDate "2011.11.24"]
[SourceVersion "1"]
[SourceVersionDate "2011.11.24"]
[SourceQuality "1"]

1. d4 h6 2. Nf3 a6 3. e3 b5 4. Bd2 Nf6 5. c4 c6 6. a4 bxc4 7. Bxc4 d5 8. Bd3 e6 9. a5 Nbd7 10. Qb3 c5 11. Qa4 Bd6 12. Ne5 0-0 13. Qc6 Nxe5 14. dxe5 Bxe5 15. Qxa8 c4 16. Be2 Qc7 17. Bc3 Nd7 18. Bxe5 Nxe5 19. Nc3 Nc6 20. Bf3 Bb7 21. Nxd5 exd5 22. Qxb7 Qxb7 23. Bxd5 Qb4+ 24. Ke2 Qxb2+ 25. Kf3 Ne5+ 26. Kg3 Nd3 27. Bxc4 Qxf2+ 28. Kh3 Qf5+ 29. Kg3 Qg5+ 0-1

[Event "San Francisco TNM Spring op"]
[Site "San Francisco"]
[Date "2009.03.17"]
[Round "2"]
[White "Rudzevich, Brian"]
[Black "Smelansky, Vadim"]
[Result "0-1"]
[WhiteElo "976"]
[BlackElo "1798"]
[PlyCount "144"]
[EventDate "2009.03.16"]
[EventType "swiss"]
[EventRounds "8"]
[EventCountry "USA"]
[SourceTitle "EXT 2012"]
[Source "ChessBase"]
[SourceDate "2011.11.24"]
[SourceVersion "1"]
[SourceVersionDate "2011.11.24"]
[SourceQuality "1"]

1. d4 d5 2. Nf3 e6 3. e3 Nf6 4. c4 Nbd7 5. a3 b6 6. Qa4 Be7 7. Ne5 0-0 8. Nc6 Qe8 9. Nxe7+ Qxe7 10. Qc6 Rb8 11. Qa4 a5 12. cxd5 exd5 13. Nc3 c5 14. Bb5 Rd8 15. 0-0 Qd6 16. Be2 Re8 17. Nb5 Qc6 18. Bd2 Ba6 19. Rac1 c4 20. Nc3 b5 21. Qxa5 Ra8 22. Qb4 Reb8 23. Na2 Bb7 24. Nc3 Bc8 25. h3 h6 26. Bg4 Nxg4 27. hxg4 Nf6 28. f3 Be6 29. Be1 Qe8 30. Bh4 g5 31. Bg3 Rb7 32. Be5 Nd7 33. Bg3 Nb8 34. Bxb8 Rbxb8 35. Rce1 Qd7 36. Re2 f5 37. gxf5 Bxf5 38. e4 dxe4 39. Qc5 Rd8 40. fxe4 Bg4 41. Rd2 Qg7 42. d5 Rf8 43. Rxf8+ Rxf8 44. Nxb5 Rc8 45. Qd4 Qd7 46. Nc3 Rf8 47. Rf2 Rxf2 48. Qxf2 Qd6 49. Qd4 Qf4 50. Qf2 Qc1+ 51. Kh2 h5 52. e5 h4 53. e6 Bh5 54. e7 Bf7 55. d6 g4 56. Qxh4 Qf4+ 57. Qg3 Qh6+ 58. Kg1 Qc1+ 59. Nd1 Qxd1+ 60. Kh2 Qd4 61. a4 Qh8+ 62. Kg1 Qd4+ 63. Kh1 Be8 64. a5 Bd7 65. Qe1 Qh8+ 66. Kg1 Qd4+ 67. Kh2 Qxd6+ 68. g3 Kf7 69. Qf1+ Kxe7 70. Qxc4 Qd2+ 71. Kg1 Qxa5 72. b4 Qb6+ 0-1

[Event "San Francisco TNM Winter op"]
[Site "San Francisco"]
[Date "2009.01.13"]
[Round "2"]
[White "Rudzevich, Brian"]
[Black "Luke, Gary"]
[Result "1/2-1/2"]
[WhiteElo "976"]
[BlackElo "1812"]
[PlyCount "124"]
[EventDate "2009.01.06"]
[EventType "swiss"]
[EventRounds "8"]
[EventCountry "USA"]
[SourceTitle "EXT 2012"]
[Source "ChessBase"]
[SourceDate "2011.11.24"]
[SourceVersion "1"]
[SourceVersionDate "2011.11.24"]
[SourceQuality "1"]

1. d4 d5 2. Nf3 Bf5 3. e3 Nf6 4. c4 Nbd7 5. Bd2 c6 6. h3 h6 7. Bb4 Qb6 8. Qa4 Qc7 9. Nc3 dxc4 10. g4 Bh7 11. Bg2 Bd3 12. Nd2 a5 13. Ba3 Ra6 14. Qd1 b5 15. b3 b4 16. Nxc4 Bh7 17. Qe2 Ra7 18. Bxb4 axb4 19. Na4 Nd5 20. e4 Nf4 21. Qf3 Nxg2+ 22. Qxg2 Qf4 23. f3 e5 24. dxe5 Nxe5 25. Nxe5 Qxe5 26. 0-0 Bd6 27. Rad1 0-0 28. f4 Bc5+ 29. Nxc5 Qxc5+ 30. Kh2 Re8 31. e5 Qc2 32. Rd2 Qe4 33. Qf2 Rea8 34. Qxa7 Rf8 35. Qd4 Qg6 36. f5 Qg5 37. Qxb4 h5 38. Qf4 Qe7 39. g5 Qc5 40. Qd4 Qb5 41. Rff2 h4 42. g6 fxg6 43. Qc4+ Qxc4 44. bxc4 gxf5 45. a4 Re8 46. Rfe2 Kf7 47. e6+ Kf6 48. a5 Bg8 49. c5 f4 50. Rd6 Kf5 51. e7 f3 52. Re3 Kf4 53. Rdd3 Bd5 54. Kg1 Kg3 55. a6 Rb8 56. Rd1 Re8 57. a7 Ra8 58. e8Q Rxe8 59. Rxe8 f2+ 60. Kf1 Bg2+ 61. Ke2 Bf3+ 62. Kf1 Bg2+ 1/2-1/2